000 00672nam a2200193Ii 4500
003 JO-AjNU
008 230605s9999||||xx |||||||||||||| ||und||
040 _aJO-AjNU
_bara
_erda
_cJO-AjNU
041 _aara
050 1 4 _aBP144.M83 1994
100 3 _aإمام،محمد كمال الدين,
_eauthor
_913072
245 0 0 _aأحكام الزواج في الشرع الإسلامي: دراسة تشريعية وفقهية وقضائية
264 3 1 _aد.م: د.ن، 1994
300 _a210ص
336 _atext
_btxt
_2rdacontent
337 _aunmediated
_bn
_2rdamedia
338 _avolume
_bnc
_2rdacarrier
650 4 _aاحوال شخصية- الاسلام- زواج
_913073
999 _aA3158
_c6726
_d6726